Mathematik - Subtraktion - Sudden Death - Statistiken

Allgemein
  • Dieses Quiz wurde 254 mal gespielt
  • Das Durchschnittsergebnis liegt bei 6 aus 10
Answers on the Grid
Answers color-coded by a green-red scale on the quiz's grid according to % correct below.
78 - 36 = 43
64 - 27 = 36
81 - 38 = 44
123 - 64 = 69
106 - 58 = 58
152 - 35 = 118
99 - 47 = 53
103 - 36 = 77
135 - 43 = 91
58 - 19 = 37
128 - 49 = 79
145 - 78 = 67
96 - 54 = 42
120 - 85 = 35
134 - 47 = 87
150 - 62 = 88
98 - 46 = 52
110 - 73 = 37
123 - 45 = 78
80 - 39 = 41
 
Antwortstatistiken
Antwort % Korrekt
80 - 39 = 41
61%
120 - 85 = 35
60%
150 - 62 = 88
60%
96 - 54 = 42
59%
110 - 73 = 37
55%
123 - 45 = 78
54%
145 - 78 = 67
52%
98 - 46 = 52
52%
128 - 49 = 79
49%
134 - 47 = 87
49%
Keine übereinstimmenden Quizze gefunden
Verteilung der Resultate
Anzahl Personen mit jedem Resultat
Perzentil nach korrekt beantworteten Fragen
Ihre Resultats-Entwicklung
Sie haben dieses Quiz noch nicht gespielt